000 00916nam0a22002651 4500
001 RU\NLR\INFOCOMM_116\5000049448
005 20250613085705.0
035 _a(NLR Aleph) 009039945
090 _a9538873
_c9538873
100 _a20080704d1969 |||y0rusy50 ca
101 0 _aeng
102 _aRU
105 _ay z 000zy
200 1 _aPrinciples of immunochemistry
_fG. I. Abelev
_gUSSR, Min. of public health, World health organization, Central inst. for advanced med. training, International courses on epidemiology and control of communicable diseases
210 _aМ.
_c[s. n.]
_d1969
215 _a[2], 17 с.
_d20 см
309 _aОтпеч. множит. аппаратом
686 _aМк210
_2rubbk
700 1 _aAbelev
_bG. I.
_f1928-
_gGarri Izrailevič
_4070
801 1 _aRU
_bNLR
_c20080704
801 0 _aRU
_bNLR
_gPSBO
852 _aNLR
_jМк01 Д-4/11
942 _cBOOK
980 _aNB